1249 1740 1829 1389 1728 1037 1353 1989 1118 1736 1475 1340 1873 1017 1034 1387 1886 1625 1971 1784 1771 1809 1144 1820 1824 1153 1628 1096 1383 1271 1134 1701 1786 1736 1340 1454 1341 1235 1059 1748 1611 1182 1394 1739 1391 1193 1669 1546 1219 1210 1802 1671 1926 1628 1961 1868 1277 1810 1328 1447 1559 1245 1535 1682 1073 1314 1555 1017 1891 1465 1020 1422 1382 1969 1781 1429 1057 1567 1465 1347 1140 1413 1647 1175 1074 1389 1972 1393 1043 1063 1777 1164 1166 1426 1980 1170 1434 1815 1013 BCNSPRNW ULIB Ver.6.0+V

เปลี่ยนเป็นภาษาไทย

Change to English
 แสดงรายละเอียดบรรณานุกรม
  กลับหน้าหลัก

Brief Record : Get Marc (ISO 2709) : E-mail record : QR code < ปิดหน้าต่าง
LEADER : 00000nam 2200000uu 4500
001    13399114129
003     ULIB
008    110627s||||||||th 000 0 tha d
020    9786167010236
090    นว.^bจ718ก 2553
100 0  เจนีน ฟรอสต์
245 00 ก้าวย่างลง(หลุม)รัก/^cเจนีน ฟรอสต์
250    พิมพ์ครั้งที่ 1
260    กรุงเทพฯ :^bดอกหญ้า,^c2553
300    374 หน้า
710 1  ดอกหญ้า
945    ^p280^l0^i028101
995    ทศพร
999 ^a ใช้งานได้ทุกระบบ
รายการนี้ยังไม่มีแท็ก
คุณยังไม่ได้ล็อกอิน คุณสามารถมีกิจกรรมร่วมกับเว็บไซต์ได้ แต่ต้องล็อกอินก่อน ::
  ล็อกอิน

รายการสื่อสารสนเทศ

ลำดับที่ ประเภท เลขเรียก/บาร์โค้ด สถานที่ สถานะ
1. นวนิยาย
นวนิยาย
นว. จ718ก 2553 ฉ.1 
  Barcode: 028101
ห้องสมุดวิทยาเขตสวรรค์ประชารักษ์
►นวนิยาย
บนชั้น
  ขอยืม

BibComment


ยังไม่เคยถูกคอมเมนท์

คอมเมนท์ทรัพยากรรายการนี้
  คอมเมนท์: ก้าวย่างลงหลุมรัก..


 Copyright 2026. Bcnsprnw @Library